00344nam a22001577a 4500003000700000005001700007008004100024082002100065100001400086245001300100250001100113260002200124300000800146490002700154650000500181MPLRDC20220104143932.0210129b ||||| |||| 00| 0 eng d a857.623 ZY-4 v.7 a张宇著 a鬼脸c a初版 ab勤 + 缘c1993 b平 a张宇玄幻系列; 12 a